Assessment of training needs of the corporation of Calcutta (Record no. 410749)

000 -LEADER
fixed length control field 00528cam a22001457a 4500
008 - FIXED-LENGTH DATA ELEMENTS--GENERAL INFORMATION
fixed length control field 180718b1980 xxu||||| |||| 00| 0 eng d
082 ## - DEWEY DECIMAL CLASSIFICATION NUMBER
Classification number K5: Kimx5412 C349 1
100 ## - MAIN ENTRY--PERSONAL NAME
Personal name Chakraborty, Satyesh C.
245 ## - TITLE STATEMENT
Title Assessment of training needs of the corporation of Calcutta
Statement of responsibility, etc. By Satyesh C. Chakraborty, Bappaditya Chakravarty And Saila
260 ## - PUBLICATION, DISTRIBUTION, ETC.
Place of publication, distribution, etc. Calcutta
Name of publisher, distributor, etc. Indian Institute Of Manegemnet Calcutta
Date of publication, distribution, etc. 1980
300 ## - PHYSICAL DESCRIPTION
Extent iv,89p
650 ## - SUBJECT ADDED ENTRY--TOPICAL TERM
Topical term or geographic name entry element City planning -- India
700 ## - ADDED ENTRY--PERSONAL NAME
Personal name Ghosh, Saila K.
700 ## - ADDED ENTRY--PERSONAL NAME
Personal name Chakravarty, Bappaditya
Holdings
Withdrawn status Lost status Damaged status Not for loan Permanent Location Current Location Date acquired Full call number Barcode Date last seen Price effective from Koha item type
        Indian Institute of Public Administration Indian Institute of Public Administration 2009-01-21 K5: Kimx5412 C349 1 D2158 2018-07-21 2018-07-21 D

Powered by Koha